Statistiken für Torschützenkönige in der Geschichte des VfL Bochum

Klicken Sie hier um das Quiz zu spielen!

Allgemein

  • Dieses Quiz wurde 10 mal gespielt
  • Das Durchschnittsergebnis liegt bei 3 aus 11

Antwortstatistiken

ToreNationalitätSpieler% Korrekt
45DeutschlandDariusz Wosz
78%
50DeutschlandStefan Kuntz
56%
77DeutschlandHans-Joachim Abel
44%
64DeutschlandJosef Kaczor
22%
47DeutschlandSimon Terodde
22%
55DeutschlandUwe Leifeld
22%
82DeutschlandUwe Wegmann
22%
75DeutschlandHans Walitza
11%
59DeutschlandPeter Peschel
11%
45DeutschlandChristian Schreier
0%
58DeutschlandWerner Balte
0%

Verteilung der Resultate

Perzentil nach korrekt beantworteten Fragen

Anzahl Personen mit jedem Resultat

Ihre Resultats-Entwicklung

Sie haben dieses Quiz noch nicht gespielt